000 00283nam a22001337a 4500
008 170612b xxu||||| |||| 00| 0 eng d
020 _a9781591857907
041 _aeng
080 _a94(100)
100 _a19
101 _aSWHH
245 _aTHE AZUSA STREET
942 _2udc
_cBK
999 _c17057
_d17057